000
00219nam a2200097Ia 4500
008
190216s9999||||xx |||||||||||||| ||und||
100
_a
Null
245
0
_a
Indian Miniatures
260
_b
Routledge Kegan Paul
942
_c
BK
999
_c
12477
_d
12477